000
00283nam a22001337a 4500
008
171011b xxu||||| |||| 00| 0 eng d
020
_a
0070550700
041
_a
eng
080
_2
2ND
_a
316
100
_a
50
101
_a
SOC
245
_a
SOCIOLOGY
_c
SCHAEFER,R.T
942
_2
udc
_c
BK
999
_c
33134
_d
33134